000 00331nam a2200133 i 4500
001 bg
245 0 _aZbiór ćwiczeń z geodezji miernictwa budowlanego i metrologii budowli.
_nCz.1.
250 _aWyd.3.
260 _aŁódź,
_c1991.
040 _cBPK
041 _apol
942 _cKS
008 s pl f |000 0 pol
999 _c4542
_d4542
856 _uhttp://koha.tu.koszalin.pl/cgi-bin/koha/opac-detail.pl?biblionumber=4542
_yKatalog online BPK